| 000 | 00774nam 22002413 4500 | ||
|---|---|---|---|
| 001 | 198180 | ||
| 010 | _a972-21-1143-4 | ||
| 021 |
_aPT _b113 992/97 |
||
| 090 | _a198180 | ||
| 100 | _a20250930d u||y0pory50 ba | ||
| 101 | _apor | ||
| 102 | _aPT | ||
| 200 |
_aComposição - Oh, não! _eDesafio e prazer nos vários tipos de escrita _fTeresa Guedes |
||
| 205 | _a2ª | ||
| 210 |
_aLisboa _cEditorial Caminho _d2001 |
||
| 215 |
_a222, [2] p. _cBrochado _d21 cm |
||
| 225 |
_aCaminho da Educação _fDirigida por José António Gomes |
||
| 606 |
_914157 _aLíngua, Linguística, Literatura _xEscrita Criativa |
||
| 675 |
_a808.1(076)/GUE/COM _vPT _zpor |
||
| 700 |
_91907 _aGuedes _bTeresa |
||
| 801 |
_aPT _bBMMN _gRPC |
||
| 830 |
_cCarlos Pinto _d30-09-2025 _fCarlos Pinto |
||
| 990 | _cLIVROS | ||